Statistiken für Alle Gegner der DFB-Nationalelf 2021

Klicken Sie hier um das Quiz zu spielen!

Allgemein

  • Dieses Quiz wurde 53 mal gespielt
  • Das Durchschnittsergebnis liegt bei 7 aus 11

Antwortstatistiken

Antwort% Korrekt
England
94%
Portugal
90%
Frankreich
84%
Ungarn
82%
Liechtenstein
65%
Nordmazedonien
59%
Island
53%
Dänemark
51%
Rumänien
47%
Armenien
45%
Lettland
45%

Verteilung der Resultate

Perzentil nach korrekt beantworteten Fragen

Anzahl Personen mit jedem Resultat

Ihre Resultats-Entwicklung

Sie haben dieses Quiz noch nicht gespielt